Estadísticas para Peliculas de David Fincher

Haz click aquí para intentar la prueba.

Estadísticas generales

  • Esta prueba ha sido intentada 15 veces
  • La puntuación promedio es 6 de 12

Estadísticas de respuestas

AñoPelicula% Correcto
2007Zodiac
79%
2014Perdida
71%
1995Seven
71%
1999El Club de la Lucha
64%
1997The Game
57%
2023El Asesino
50%
2008El Curioso Caso de Benjamin Button
43%
2010La Red Social
43%
2002La Habitacion del Panico
29%
2020Mank
29%
1992Alien 3
21%
2011Millennium: Los hombres que no amaban a las mujeres
14%

Distribución de puntuación

Porcentaje por número respondido

Porcentaje de gente con cada puntuación

Historial de tus puntuaciones

No has intentado esta prueba.